Sports Quiz

Random Sports or Baseball Quiz
Score 0/108 Timer 12:00
0 Plays Today
% Correct
Hank Aaron
93.9%
Barry Bonds
91.5%
Alex Rodriguez
89.5%
Ivan Rodriguez
89.4%
Randy Johnson
87.3%
Willie Mays
87.3%
Johnny Bench
87.3%
Jimmie Foxx
86.2%
Walter Johnson
83.6%
Mike Schmidt
83.6%
Ted Williams
82.5%
Albert Pujols
81.4%
Derek Jeter
81.3%
Mickey Mantle
80.9%
Cy Young
79.3%
Greg Maddux
78%
Yogi Berra
77.3%
Ty Cobb
77.3%
Lou Gehrig
76.9%
Cal Ripken
75.4%
Roger Clemens
75.1%
Brooks Robinson
74.7%
Ozzie Smith
74.6%
Al Kaline
74.5%
Chipper Jones
72.6%
Ken Griffey
72.5%
Richie Ashburn
71.8%
Honus Wagner
71.6%
Jesse Burkett
70.6%
Joe DiMaggio
70.6%
Mel Ott
70.4%
Sam Crawford
70.1%
George Brett
69.1%
Larry Walker
67.8%
Mike Piazza
67%
Gary Carter
66.8%
% Correct
Robinson Cano
65.4%
Joe Morgan
65.1%
Rafael Palmeiro
64.9%
Carl Yastrzemski
64.5%
Robin Yount
63.3%
Eddie Murray
62.8%
Wade Boggs
62.1%
Tim Raines
62.1%
Cap Anson
62%
Carlton Fisk
61.1%
Rickey Henderson
60.9%
Willie Randolph
59.3%
Adrian Beltre
58.7%
Roberto Alomar
58.3%
Lefty Grove
58.1%
Rogers Hornsby
57%
Ryne Sandberg
55.9%
Ron Santo
55.7%
Reggie Jackson
54.9%
Roberto Clemente
53.7%
Eddie Mathews
53.6%
Dave Winfield
52.6%
Tony Gwynn
50.9%
Mark McGwire
49.9%
Barry Larkin
49%
Mike Trout
46.3%
Dan Brouthers
46.1%
Bert Blyleven
46%
Alan Trammell
45.2%
Scott Rolen
43.1%
Lou Whitaker
42.6%
Kenny Lofton
42.5%
Tom Seaver
42.3%
Tris Speaker
42%
Kid Nichols
41%
Nap Lajoie
40.4%
% Correct
Christy Mathewson
38.7%
Roger Connor
36.3%
Al Simmons
35.6%
Willie McCovey
34.7%
Eddie Collins
33.9%
Carlos Beltran
33.7%
Billy Hamilton
33.2%
Bill Dickey
32.5%
Charlie Gehringer
32.4%
Duke Snider
32.2%
Buddy Bell
31.9%
Harry Heilmann
31.3%
Phil Niekro
30.6%
Fred Clarke
30.4%
Graig Nettles
29.2%
Gene Tenace
28.1%
Wally Schang
27.8%
Luke Appling
27.5%
Ted Simmons
25.7%
Bobby Grich
24.9%
George Davis
24.3%
Ken Boyer
22.4%
Gabby Hartnett
21.8%
Paul Waner
20.9%
Frankie Frisch
19.5%
Pete Alexander
17.9%
Arky Vaughan
17.4%
Ed Delahanty
17%
Dwight Evans
16.2%
Billy Williams
14.1%
Johnny Mize
13.8%
Mickey Cochrane
12.9%
Goose Goslin
11%
Jeff Bagwell
10.7%
Zack Wheat
8.5%
Bill Dahlen
7.5%

You're not logged in!

Compare scores with friends on all Sporcle quizzes.
OR
Log In

Sporcle TV

Today on Sporcle TV


Watch our educational content, quiz creation guides, and fun videos on Sporcle TV.

Show Comments

Extras

Top Quizzes Today


Score Distribution

Paid Content

Your Account Isn't Verified!

In order to create a playlist on Sporcle, you need to verify the email address you used during registration. Go to your Sporcle Settings to finish the process.

Report this User

Report this user for behavior that violates our Community Guidelines.

Details: